Zes dichtstbijzijnde landen - Portugal - Statistieken

Algemene statistieken
  • Deze quiz is 54 keer genomen
  • De gemiddelde score is 4 van 6
Antwoordstatistieken
km land % Correct
0 Spanje
100%
412 Frankrijk
87%
202 Marokko
79%
637 Andorra
74%
520 Algerije
50%
879 Verenigd Koninkrijk
24%
Geen overeenkomende quizzen gevonden
Scoreverdeling
Procent van Mensen met Elke Score
Percentiel versus Aantal Correcte Antwoorden
Uw Scoregeschiedenis
U heeft deze quiz nog niet genomen